Código Nacional de Tránsito Terrestre -Ley 769 de 2002- Anotado / (Record no. 1236)
[ view plain ]
| 000 -LEADER | |
|---|---|
| campo de control de longitud fija | 00889nam a22002777a 4500 |
| 001 - NÚMERO DE CONTROL | |
| campo de control | 004409 |
| 003 - IDENTIFICADOR DE NÚMERO DE CONTROL | |
| campo de control | CoMeUDC004409 |
| 005 - FECHA Y HORA DE LA ÚLTIMA TRANSACCIÓN | |
| campo de control | 20190205230736.0 |
| 008 - DATOS DE LONGITUD FIJA--INFORMACIÓN GENERAL | |
| campo de control de longitud fija | 130821s2006 ck gr spa |
| 020 ## - NÚMERO INTERNACIONAL ESTÁNDAR DEL LIBRO | |
| Número Internacional Estándar del Libro | 9586909387 |
| 040 ## - FUENTE DE CATALOGACIÓN | |
| Centro catalogador/agencia de origen | Co-BoUCM |
| Lengua de catalogación | spa |
| Centro/agencia transcriptor | CoMeUDC |
| 041 00 - CÓDIGO DE IDIOMA | |
| Código de lengua del texto/banda sonora o título independiente | spa |
| 082 04 - NÚMERO DE LA CLASIFICACIÓN DECIMAL DEWEY | |
| Número de clasificación | 343.09 |
| Información de edición | 20 |
| Número de ítem | R654c |
| 245 00 - MENCIÓN DEL TÍTULO | |
| Título | Código Nacional de Tránsito Terrestre -Ley 769 de 2002- Anotado / |
| 250 ## - MENCION DE EDICION | |
| Mención de edición | 17a. ed. |
| 260 ## - PUBLICACIÓN, DISTRIBUCIÓN, ETC. | |
| Lugar de publicación, distribución, etc. | Bogotá (Colombia) : |
| Nombre del editor, distribuidor, etc. | Leyer, |
| Fecha de publicación, distribución, etc. | 2006. |
| 500 ## - NOTA GENERAL | |
| Nota general | Incluye índice. |
| 630 ## - PUNTO DE ACCESO ADICIONAL DE MATERIA--TÍTULO UNIFORME | |
| Título uniforme | Decreto 1676 de 2005 |
| 9 (RLIN) | 5496 |
| 630 ## - PUNTO DE ACCESO ADICIONAL DE MATERIA--TÍTULO UNIFORME | |
| Título uniforme | Decreto 3525 de 2005 |
| 9 (RLIN) | 5932 |
| 630 ## - PUNTO DE ACCESO ADICIONAL DE MATERIA--TÍTULO UNIFORME | |
| Título uniforme | Ley 769 de 2002 |
| 9 (RLIN) | 6901 |
| 630 ## - PUNTO DE ACCESO ADICIONAL DE MATERIA--TÍTULO UNIFORME | |
| Título uniforme | Ley 962 de 2005 |
| 9 (RLIN) | 6994 |
| 650 04 - PUNTO DE ACCESO ADICIONAL DE MATERIA--TÉRMINO DE MATERIA | |
| Término de materia o nombre geográfico como elemento de entrada | Tránsito |
| Subdivisión general | Legislación |
| Subdivisión geográfica | Colombia |
| 9 (RLIN) | 8177 |
| 650 04 - PUNTO DE ACCESO ADICIONAL DE MATERIA--TÉRMINO DE MATERIA | |
| Término de materia o nombre geográfico como elemento de entrada | Transporte terrestre |
| Subdivisión general | Legislación |
| Subdivisión geográfica | Colombia |
| 9 (RLIN) | 25706 |
| 700 1# - ENTRADA AGREGADA--NOMBRE PERSONAL | |
| Nombre de persona | Duarte Murillo, Diego |
| 942 ## - ELEMENTOS DE ENTRADA SECUNDARIOS (KOHA) | |
| Tipo de ítem Koha | Libros |
| Código de la institución [OBSOLETO] | 8 |
| Edición | 1 |
| Sufijo de la signatura | C718c |
| Fuente del sistema de clasificación o colocación | Clasificación Decimal Dewey |
| Parte de la signatura que corresponde a la clasificación (Parte de la clasificación) | 343.093861 |
| Estatus retirado | Estado de pérdida | Fuente del sistema de clasificación o colocación | Estado de daño | No para préstamo | Colección | Biblioteca de origen | Biblioteca actual | Fecha de adquisición | Fuente de adquisición | Signatura topográfica completa | Código de barras | Visto por última vez | Copia número | Precio de reemplazo | Tipo de ítem Koha |
|---|---|---|---|---|---|---|---|---|---|---|---|---|---|---|---|
| Clasificación Decimal Dewey | Colección Reserva | U DE COLOMBIA - Biblioteca | U DE COLOMBIA - Biblioteca | 05/02/2019 | Compra | 343.09 R654c | 004409 | 05/02/2019 | 1 | 05/02/2019 | Reserva |
